000 00751nam a22002297a 4500
003 KOHA_MİRAKIL
005 20260415072121.0
008 260414b tu ||||| |||| 00| 0 tur d
040 _aTR-AnABB
_btur
_cTR-AnABB
041 _atur
082 _a306.09561
_bOZE 1994
100 1 _aÖzer, Ahmet
245 1 0 _aGAP ve sosyal değişme /
_cAhmet Özer
260 _a[y.y.] :
_bGAP araştırma ve uygulama merkezi yayını,
_c1994
300 _a155 sayfa ;
_c20 cm
500 _aYazar tarafından Prof. Dr. Ruşen Keleş için imzalanmıştır.
650 0 4 _aSosyal yaşam ve gelenekler
650 0 4 _aSosyal yaşam ve gelenekler, Türkiye
650 0 4 _aEtnoloji
900 _bCan ÇELIK
942 _2ddc
_cBK
999 _c10224
_d10224